[Event "World Blitz 2025"]
[Site "Doha QAT"]
[Date "2025.12.30"]
[Round "14.116"]
[White "AlJamaat, Khaled"]
[Black "Aziz, Husain"]
[Result "0-1"]
[BlackTitle "IM"]
[WhiteElo "1719"]
[BlackElo "2256"]
[WhiteFideId "12102415"]
[BlackFideId "12100293"]
[EventDate "2025.12.29"]

1. e4 e5 2. Nf3 Nc6 3. Bc4 Nf6 4. d3 h6 5. c3 d6 6. Bb3 g6 7. O-O Bg7 8. Nbd2
O-O 9. Re1 Kh7 10. Nf1 Nh5 11. Ne3 Be6 12. Bc2 Nf4 13. d4 Bd7 14. dxe5 dxe5 15.
Nd5 Ne6 16. Be3 a5 17. Qe2 Ne7 18. Rad1 Nxd5 19. Rxd5 c6 20. Rd2 Qe7 21. Red1
Bc8 22. Bb3 a4 23. Bxe6 Bxe6 24. Bb6 Ra6 25. Qe3 Bf6 26. Bc5 Qe8 27. Bxf8 Qxf8
28. h3 Bxa2 29. Rd7 b5 30. Nd2 Be6 31. Ra7 Bg5 32. f4 Bxf4 33. Qf2 Bg3 34. Qe3
Bf4 35. Qf2 Rxa7 36. Qxa7 Qd6 37. Qf2 Bb3 0-1

[Event "World Blitz 2025"]
[Site "Doha QAT"]
[Date "2025.12.30"]
[Round "14.117"]
[White "Nainys, Zanas"]
[Black "Anand, Tsogtbileg"]
[Result "1-0"]
[BlackTitle "CM"]
[WhiteElo "2307"]
[BlackElo "1968"]
[WhiteFideId "12844098"]
[BlackFideId "4926552"]
[EventDate "2025.12.29"]

1. d4 Nf6 2. c4 e6 3. Nf3 b6 4. Bf4 Bb7 5. e3 Be7 6. Nc3 O-O 7. Bd3 d6 8. h3
Nbd7 9. O-O Re8 10. e4 e5 11. dxe5 dxe5 12. Nxe5 Nxe5 13. Bxe5 Bd6 14. Bxd6 Qxd6
15. Qc2 Nd7 16. Rfe1 Rad8 17. Rad1 Ne5 18. Bf1 Qg6 19. Rxd8 Rxd8 20. Rd1 Nf3+
21. Kh1 Nd4 22. Qa4 a5 23. c5 Qf6 24. cxb6 cxb6 25. Nd5 Qxf2 26. Qxd4 Qxd4 27.
Rxd4 Kf8 28. Bb5 Ba8 29. Kh2 f6 30. Kg3 Kf7 31. Kf4 Bb7 32. Bc4 Kf8 33. Ke3 Bc6
34. Nf4 Rc8 35. Ba6 Ra8 36. Bd3 Ke7 37. a3 b5 38. Nd5+ Kf7 39. Nc3 Rb8 40. Rd6
Be8 41. Ra6 b4 42. Ra7+ Kf8 43. axb4 Rxb4 44. Ra8 Kf7 45. b3 Bd7 46. Bc4+ Kg6
47. Rxa5 Bc6 48. Nd5 Rb7 49. Nf4+ Kh6 50. Rh5# 1-0

[Event "World Blitz 2025"]
[Site "Doha QAT"]
[Date "2025.12.30"]
[Round "14.118"]
[White "Al Mashikhi, Salim Aliyan"]
[Black "Dinham, James"]
[Result "1-0"]
[WhiteTitle "FM"]
[WhiteElo "1952"]
[BlackElo "2091"]
[WhiteFideId "22000046"]
[BlackFideId "14327023"]
[EventDate "2025.12.29"]

1. c4 Nf6 2. Nc3 d5 3. cxd5 Nxd5 4. e4 Nxc3 5. bxc3 g6 6. Nf3 Bg7 7. d4 c5 8.
Bb5+ Bd7 9. Bc4 O-O 10. O-O Nc6 11. Be3 cxd4 12. cxd4 Bg4 13. e5 Bxf3 14. gxf3
Rc8 15. Rc1 e6 16. f4 Ne7 17. Qa4 a6 18. Qb3 b5 19. Bd3 Nd5 20. Be4 Nxe3 21.
fxe3 Qh4 22. Rc5 Rxc5 23. dxc5 Rc8 24. c6 Bf8 25. Qc3 b4 26. Qd4 Rd8 27. c7 Rxd4
28. exd4 Qg4+ 29. Bg2 Qe2 30. c8=Q Qe3+ 31. Kh1 Qxd4 32. Qxa6 Bc5 33. Qe2 h5 34.
Rc1 Bb6 35. Rd1 Qc5 36. Qd2 Kg7 37. Rc1 Qe7 38. Qd6 Qa7 39. Rc8 Qa5 40. Qf8+ 1-0

[Event "World Blitz 2025"]
[Site "Doha QAT"]
[Date "2025.12.30"]
[Round "14.119"]
[White "Chekh Adm Khedr, Aram"]
[Black "Anwoir, Tarik"]
[Result "1-0"]
[WhiteTitle "FM"]
[WhiteElo "2139"]
[BlackElo "2098"]
[WhiteFideId "7601948"]
[BlackFideId "9004904"]
[EventDate "2025.12.29"]

1. e4 e5 2. Nf3 Nc6 3. Nc3 h6 4. Bb5 d6 5. d4 exd4 6. Nxd4 Bd7 7. Bxc6 Bxc6 8.
Nxc6 bxc6 9. Qf3 Rb8 10. O-O Qf6 11. Qe2 Ne7 12. Qa6 Qd4 13. Be3 Qb4 14. Qxa7
Kd7 15. a3 Qb7 16. Qd4 c5 17. Qd2 Qc6 18. b3 g6 19. Nd5 Nxd5 20. exd5 Qb5 21. a4
Qb4 22. Qe2 Bg7 23. Rad1 Rhe8 24. Qf3 Ke7 25. Qh3 h5 26. Bd2 Qb7 27. Bc3 Kf8 28.
Bxg7+ Kxg7 29. Qc3+ Kg8 30. Rfe1 Rxe1+ 31. Qxe1 Kf8 32. Qc3 Kg8 33. Qe3 Kf8 34.
Qh6+ Kg8 35. Qe3 Kf8 36. a5 Re8 37. Qc3 Kg8 38. h3 Qb5 39. Ra1 Ra8 40. Qe1 c4
41. bxc4 Qxc4 42. Qd2 Qb5 43. h4 Qc4 44. g3 Kg7 45. Qd3 Qc5 46. c4 Kg8 47. a6
Qb4 48. a7 Qb6 49. Qa3 Kf8 50. Qa6 Qxa6 51. Rxa6 Ke8 52. Kg2 Kd7 53. Kf3 f6 54.
g4 hxg4+ 55. Kxg4 Ke7 56. h5 gxh5+ 57. Kxh5 Kf7 58. f4 Kg7 59. Kg4 Kg6 60. f5+
Kh6 61. Kf4 Kh5 62. Ra1 Kh6 63. Ke4 Kg7 64. Kd4 Kh6 65. c5 Kg5 66. cxd6 cxd6 67.
Ke4 Re8+ 68. Kd4 Ra8 69. Kc4 Kxf5 70. Kb5 Ke5 71. Kc6 f5 72. Re1+ Kd4 73. Rd1+
Ke5 74. Kb7 Rxa7+ 75. Kxa7 f4 76. Kb6 f3 77. Kc6 f2 78. Rf1 Ke4 79. Rxf2 Ke5 80.
Re2+ 1-0

[Event "World Blitz 2025"]
[Site "Doha QAT"]
[Date "2025.12.30"]
[Round "14.120"]
[White "Alkhuriji, Abdulaziz N"]
[Black "Ashwath Kaushik"]
[Result "1/2-1/2"]
[BlackTitle "FM"]
[WhiteElo "1972"]
[BlackElo "2345"]
[WhiteFideId "21525919"]
[BlackFideId "33387230"]
[EventDate "2025.12.29"]

1. e4 c5 2. Nf3 e6 3. d4 cxd4 4. Nxd4 Nf6 5. Nc3 Nc6 6. a3 Be7 7. Be3 d5 8. exd5
exd5 9. Bb5 Bd7 10. O-O a6 11. Be2 O-O 12. Bf3 Nxd4 13. Qxd4 Be6 14. Rad1 Rc8
15. Nxd5 Bxd5 16. Bxd5 Nxd5 17. Qxd5 Qxd5 18. Rxd5 Rxc2 19. Rd7 Bf6 20. b4 Ra2
21. Rxb7 Rxa3 22. g3 h6 23. Rd1 Rb3 24. Rdd7 Bc3 25. Bc5 Re8 26. Rxf7 Bf6 27.
Rfd7 Re1+ 28. Kg2 Rbb1 29. Rd3 Rg1+ 30. Kf3 Rgc1 31. Ra7 Ra1 32. h4 a5 33. Be3
Rcb1 34. bxa5 Rb5 35. Bb6 Kh7 36. Rc7 Rbxa5 37. Bxa5 Rxa5 38. Rc4 Rf5+ 39. Kg2
Re5 40. Rf3 Rd5 41. Rc7 Kg6 42. Kh3 h5 43. Rc4 Rd2 44. g4 hxg4+ 45. Rxg4+ Kh7
46. Re4 Bd4 47. Kg3 Bf6 48. Ra4 Be5+ 49. Kg2 Bf6 50. Rc4 Kg6 51. Ra4 Kh7 52. h5
Kh6 53. Ra5 Bg5 54. Raf5 Bf6 55. Rg3 Kh7 56. Rgf3 Kh6 57. Rc5 Kh7 58. Rc6 Kh6
59. Rcxf6+ gxf6 60. Rxf6+ Kxh5 61. Re6 Kg4 62. Re4+ Kf5 63. Ra4 Rd3 64. f3 Rd2+
65. Kg3 Rd1 66. Ra5+ Kf6 67. Kf4 Rd4+ 68. Kg3 Rd1 69. Kg4 Rg1+ 70. Kf4 Kf7 71.
Ra6 Rf1 72. Ke4 Re1+ 73. Kf5 Kg8 74. Ra7 Rf1 75. Kg4 Rg1+ 1/2-1/2

[Event "World Blitz 2025"]
[Site "Doha QAT"]
[Date "2025.12.30"]
[Round "14.121"]
[White "Bodemar, Jonathan"]
[Black "Alsaqer, Meshal"]
[Result "1-0"]
[WhiteTitle "CM"]
[WhiteElo "2154"]
[BlackElo "1853"]
[WhiteFideId "6205488"]
[BlackFideId "10301771"]
[EventDate "2025.12.29"]

1. e4 e6 2. d4 d5 3. Nc3 dxe4 4. Nxe4 Nd7 5. Nf3 Ngf6 6. Nxf6+ Nxf6 7. Bd3 c5 8.
c3 cxd4 9. Nxd4 Be7 10. Qe2 O-O 11. Bg5 a5 12. O-O-O Qd5 13. Bxf6 Bxf6 14. Bc4
Qe5 15. Qxe5 Bxe5 16. Nb5 b6 17. Rhe1 Bf4+ 18. Kc2 Bb7 19. g3 Bg5 20. Rd6 Rac8
21. b3 a4 22. Rxb6 axb3+ 23. axb3 Bf3 24. Be2 Be4+ 25. Bd3 Bf3 26. Nd4 Bh5 27.
f4 Bf6 28. Nb5 Rfd8 29. c4 Ra8 30. Nc3 Bxc3 31. Kxc3 Ra2 32. h3 Bg6 33. Bxg6
hxg6 34. Re3 Rdd2 35. c5 Rac2+ 36. Kb4 Rd5 37. Rc6 Rh2 38. h4 Rhd2 39. Kb5 R2d4
40. Rc3 Rd2 41. b4 R2d4 42. Rc8+ Kh7 43. Ka5 e5 44. fxe5 Rxe5 45. b5 Ree4 46.
Kb6 Re6+ 47. c6 Rdd6 48. Rc4 f5 49. Rf8 Re5 50. Rc5 Re4 51. Kb7 Rb4 52. b6 Rdd4
53. c7 1-0

[Event "World Blitz 2025"]
[Site "Doha QAT"]
[Date "2025.12.30"]
[Round "14.122"]
[White "Khayat, Emad"]
[Black "Fates, Omer Salah"]
[Result "1-0"]
[WhiteElo "1927"]
[BlackElo "2079"]
[WhiteFideId "21518076"]
[BlackFideId "9212035"]
[EventDate "2025.12.29"]

1. d4 d5 2. Nf3 Nf6 3. c4 c6 4. cxd5 cxd5 5. Nc3 e6 6. Bf4 a6 7. e3 Nc6 8. Rc1
Bd6 9. Bg3 O-O 10. Bd3 Bd7 11. Bxd6 Re8 12. Bg3 Rc8 13. O-O Qb6 14. Na4 Qa5 15.
Nc3 b5 16. a3 b4 17. axb4 Nxb4 18. Ne5 h6 19. Qe2 Red8 20. Ra1 Qb6 21. Bxa6 Nxa6
22. Rxa6 Qb7 23. Rfa1 Be8 24. Ra7 Qb3 25. h4 Ne4 26. Nxe4 dxe4 27. Qg4 Qxb2 28.
Qxe4 Rc2 29. Qf3 f6 30. Nd3 Qc3 31. Nf4 e5 32. dxe5 fxe5 33. Ne6 Bd7 34. Nxd8 e4
35. Qf7+ Kh8 36. Qxd7 Rd2 37. Qe8+ Kh7 38. Qxe4+ Kg8 39. Ne6 Rd8 40. Rxg7+ 1-0

[Event "World Blitz 2025"]
[Site "Doha QAT"]
[Date "2025.12.30"]
[Round "14.123"]
[White "Al-Janahi, Ibrahim"]
[Black "Ahmad, Saif"]
[Result "1/2-1/2"]
[WhiteElo "1656"]
[BlackElo "1567"]
[WhiteFideId "12102385"]
[BlackFideId "12102709"]
[EventDate "2025.12.29"]

1. d4 d5 2. c4 e6 3. Nc3 Nf6 4. cxd5 exd5 5. Bg5 c6 6. Qc2 Be7 7. e3 O-O 8. Bd3
h6 9. Bxf6 Bxf6 10. Nf3 Nd7 11. O-O Nb6 12. Ne5 Nd7 13. Nxd7 Bxd7 14. Bf5 Bxf5
15. Qxf5 Qc8 16. Qxc8 Raxc8 17. Rac1 b5 18. Rc2 a5 19. Rfc1 Rc7 20. Nxd5 Rfc8
21. Nxc7 Rxc7 22. Rxc6 Rxc6 23. Rxc6 b4 24. Rxf6 gxf6 25. Kf1 a4 26. Ke2 a3 27.
bxa3 b3 28. Kd2 bxa2 29. Kc2 a1=N+ 30. Kb2 h5 31. Kxa1 h4 32. g3 hxg3 33. hxg3
f5 34. e4 fxe4 35. Kb2 e3 36. a4 exf2 37. a5 f1=Q 38. a6 Qf2+ 39. Kc3 Qxg3+ 1/2-1/2

[Event "World Blitz 2025"]
[Site "Doha QAT"]
[Date "2025.12.30"]
[Round "14.124"]
[White "Al-Mansouri, Fahad"]
[Black "Phuyal, Aashish"]
[Result "0-1"]
[WhiteElo "1607"]
[BlackElo "1955"]
[WhiteFideId "12102407"]
[BlackFideId "12312649"]
[EventDate "2025.12.29"]

1. e4 e5 2. Nf3 Nc6 3. Bc4 Nf6 4. d3 Be7 5. O-O O-O 6. c3 d6 7. Nbd2 a6 8. Bb3
Na5 9. Bc2 c5 10. h3 b5 11. Re1 Nc6 12. Nf1 Re8 13. Ng3 Bf8 14. Nh2 d5 15. Qf3
d4 16. Bg5 Be7 17. Nf5 Bxf5 18. Qxf5 g6 19. Qf3 h5 20. Bb3 Rf8 21. Bh6 Re8 22.
Bg5 Rf8 23. Bh6 Re8 24. Bg5 Na5 25. Bc2 Nd7 26. Bh6 Bf8 27. Bxf8 Nxf8 28. Qe2
Ne6 29. g3 Ng5 30. h4 Ne6 31. Nf3 Qf6 32. Rad1 Rad8 33. b4 Nc6 34. Nd2 dxc3 35.
Nb3 Ned4 36. Nxd4 Nxd4 37. Qe3 Nxc2 38. Qxc5 Nxe1 39. Rxe1 Rxd3 40. Re2 Qf3 41.
Re1 Red8 42. Qb6 Rd1 43. Rxd1 Rxd1+ 0-1

[Event "World Blitz 2025"]
[Site "Doha QAT"]
[Date "2025.12.30"]
[Round "14.125"]
[White "Al-Kuwari, Hamad"]
[Black "Dahal, Sushrut"]
[Result "1-0"]
[WhiteTitle "CM"]
[BlackTitle "CM"]
[WhiteElo "1809"]
[BlackElo "2037"]
[WhiteFideId "12102679"]
[BlackFideId "12303275"]
[EventDate "2025.12.29"]

1. e4 c5 2. Nf3 e6 3. d4 cxd4 4. Nxd4 a6 5. c4 Nf6 6. Nc3 Qc7 7. Be2 d6 8. Be3
Be7 9. f4 Nbd7 10. O-O b6 11. b3 Bb7 12. Bf3 O-O 13. Qe1 Rac8 14. Rc1 Qb8 15. g4
Nc5 16. Bf2 Rfd8 17. g5 Ne8 18. h4 Bf8 19. h5 Nd3 20. Qe3 Nxc1 21. Rxc1 d5 22.
cxd5 exd5 23. e5 Ba3 24. Rc2 b5 25. Nce2 Rxc2 26. Nxc2 Be7 27. h6 d4 28. Nexd4
Bxf3 29. Qxf3 g6 30. Nc6 Qa8 31. Nxe7+ Kf8 32. Qxa8 Rxa8 33. Bc5 f5 34. e6 a5
35. Nd4 a4 36. b4 Rd8 37. Nec6+ Rd6 38. Bxd6+ Nxd6 39. Kf2 Ke8 40. Ke3 Kf8 41.
Nb8 Ke7 42. Nbc6+ Ke8 43. e7 Nc8 44. Ne6 Nxe7 45. Nxe7 Kxe7 46. Nc7 Kd6 47.
Nxb5+ Kd5 48. Nc3+ Kc4 49. Nxa4 Kxb4 50. Nb6 1-0

[Event "World Blitz 2025"]
[Site "Doha QAT"]
[Date "2025.12.30"]
[Round "15.1"]
[White "Carlsen, Magnus"]
[Black "Makarian, Rudik"]
[Result "1-0"]
[WhiteTitle "GM"]
[BlackTitle "GM"]
[WhiteElo "2840"]
[BlackElo "2524"]
[WhiteFideId "1503014"]
[BlackFideId "44105681"]
[EventDate "2025.12.29"]

1. d4 Nf6 2. Nc3 e6 3. e4 d5 4. e5 Nfd7 5. Nce2 c5 6. c3 Nc6 7. a3 f6 8. Nf4 Qe7
9. exf6 Nxf6 10. Nf3 Qc7 11. Ng5 cxd4 12. Ngxe6 Qe5+ 13. Qe2 Bd6 14. Nxd4 Nxd4
15. cxd4 Qxe2+ 16. Bxe2 Kf7 17. O-O Bf5 18. Bd3 Be4 19. f3 Bxd3 20. Nxd3 Rac8
21. Bf4 Bxf4 22. Nxf4 Rc4 23. Rad1 Rhc8 24. Nd3 Rc2 25. g4 h5 26. h3 hxg4 27.
hxg4 Nd7 28. Rf2 Rxf2 29. Kxf2 Kf6 30. Rc1 Rxc1 31. Nxc1 Nb6 32. b3 Na8 33. Nd3
Nc7 34. Ke3 Nb5 35. a4 Nc7 36. f4 g6 37. Nc5 b6 38. Nd7+ Ke7 39. Ne5 Kf6 40. Nc6
a5 41. Ne5 b5 42. axb5 Nxb5 43. Nc6 Nc3 44. Nxa5 Nd1+ 45. Kf3 Nc3 46. Nc6 Nb5
47. Ke3 Nd6 48. Ne5 Nb5 49. Kd3 Nd6 50. Nf3 Ne4 51. Ke3 Nc3 52. b4 Nb5 53. Kd3
Nd6 54. Kc3 Ne4+ 55. Kb3 Nf2 56. b5 Ke7 57. Ne5 Kd6 58. g5 1-0

[Event "World Blitz 2025"]
[Site "Doha QAT"]
[Date "2025.12.30"]
[Round "15.3"]
[White "Vachier-Lagrave, Maxime"]
[Black "Bu, Xiangzhi"]
[Result "1/2-1/2"]
[WhiteTitle "GM"]
[BlackTitle "GM"]
[WhiteElo "2734"]
[BlackElo "2665"]
[WhiteFideId "623539"]
[BlackFideId "8601445"]
[EventDate "2025.12.29"]

1. e4 e5 2. Nf3 Nf6 3. Nxe5 d6 4. Nf3 Nxe4 5. d4 d5 6. Bd3 Be7 7. O-O Nc6 8. c4
Nb4 9. Be2 O-O 10. Nc3 Bf5 11. Ne5 c5 12. a3 Nxc3 13. bxc3 Nc6 14. Nxc6 bxc6 15.
Be3 1/2-1/2

[Event "World Blitz 2025"]
[Site "Doha QAT"]
[Date "2025.12.30"]
[Round "15.4"]
[White "Erigaisi, Arjun"]
[Black "Martirosyan, Haik M."]
[Result "1-0"]
[WhiteTitle "GM"]
[BlackTitle "GM"]
[WhiteElo "2775"]
[BlackElo "2625"]
[WhiteFideId "35009192"]
[BlackFideId "13306553"]
[EventDate "2025.12.29"]

1. d4 Nf6 2. c4 e6 3. Nf3 d5 4. e3 Be7 5. b3 b6 6. Bd3 Bb7 7. O-O Nbd7 8. Bb2
O-O 9. Nc3 Ne4 10. Qc2 Ndf6 11. Ne2 Rc8 12. Rad1 c5 13. dxc5 Rxc5 14. Qb1 Qa8
15. cxd5 Bxd5 16. Ne5 Rc7 17. f3 Nc5 18. Bc2 Bb7 19. Nf4 Qc8 20. Rf2 h6 21. b4
Ncd7 22. Bb3 Nxe5 23. Bxe5 Rd7 24. Rc1 Qd8 25. Ba4 Rd6 26. Qb2 b5 27. Bxd6 Bxd6
28. Bc2 Qb6 29. Rd1 Bb8 30. Qb3 Be5 31. Qd3 Bd5 32. Nxd5 exd5 33. g3 Re8 34. Re2
Bd6 35. a3 a5 36. Qd4 Qa6 37. Kg2 axb4 38. axb4 Be5 39. Qd3 Qb6 40. Bb3 Bd6 41.
Qd4 Qb8 42. Bxd5 Rd8 43. e4 Be5 44. Bxf7+ Kxf7 45. Qxd8 Qa7 46. Red2 Kg6 47. Qd3
Qa4 48. f4 1-0

[Event "World Blitz 2025"]
[Site "Doha QAT"]
[Date "2025.12.30"]
[Round "15.5"]
[White "Dubov, Daniil"]
[Black "Abdusattorov, Nodirbek"]
[Result "1-0"]
[WhiteTitle "GM"]
[BlackTitle "GM"]
[WhiteElo "2672"]
[BlackElo "2732"]
[WhiteFideId "24126055"]
[BlackFideId "14204118"]
[EventDate "2025.12.29"]

1. d4 d5 2. Nf3 Nf6 3. c4 c6 4. cxd5 cxd5 5. Nc3 Nc6 6. Bf4 Nh5 7. Bd2 Nf6 8. e3
e6 9. Bd3 Bd6 10. O-O O-O 11. Qe2 e5 12. dxe5 Nxe5 13. Nxe5 Bxe5 14. h3 Re8 15.
Qf3 Be6 16. Rfd1 Qb6 17. Na4 Qc6 18. Bc3 Qxa4 19. Bxe5 Bg4 20. hxg4 Rxe5 21. Qf4
Qe8 22. Rac1 h6 23. Rc7 Re7 24. Rdc1 Rd8 25. Rxe7 Qxe7 26. Rc7 Qe6 27. Rxb7 d4
28. Rb8 Rf8 29. Rxf8+ Kxf8 30. Qxd4 g5 31. Qxa7 Qxg4 32. Qd4 Qd1+ 33. Bf1 Qxd4
34. exd4 Ke7 35. Bc4 Ne4 36. a4 Nd6 37. Bd3 Kd7 38. Kf1 h5 39. b4 Kc6 40. a5 Kd5
41. b5 Kxd4 42. b6 Kc5 43. b7 Nxb7 44. a6 Kb6 45. axb7 Kxb7 46. Bc4 f6 47. Bf7
h4 48. Ke2 Kc6 49. Kf3 Kd6 50. Ke4 g4 51. Kf4 f5 52. Bg6 g3 1-0

[Event "World Blitz 2025"]
[Site "Doha QAT"]
[Date "2025.12.30"]
[Round "15.6"]
[White "Praggnanandhaa, R"]
[Black "Yu, Yangyi"]
[Result "0-1"]
[WhiteTitle "GM"]
[BlackTitle "GM"]
[WhiteElo "2761"]
[BlackElo "2717"]
[WhiteFideId "25059530"]
[BlackFideId "8603820"]
[EventDate "2025.12.29"]

1. e4 e5 2. Nf3 Nf6 3. Nc3 Nc6 4. Bb5 Bd6 5. d3 a6 6. Ba4 O-O 7. Bg5 h6 8. Bh4
Be7 9. O-O d6 10. Bxc6 bxc6 11. d4 exd4 12. Nxd4 Bd7 13. Re1 Re8 14. Qf3 Nh7 15.
Bxe7 Qxe7 16. Qd3 Nf6 17. h3 a5 18. Nf3 Nh5 19. Qd2 Qf6 20. Kh2 Rad8 21. Re3 Nf4
22. Nd4 Qe5 23. Kh1 Ng6 24. Rd1 Qg5 25. Rg3 Qf6 26. Rf3 Qh4 27. Rg3 Qf6 28. Rf1
Rb8 29. b3 Rb4 30. Nde2 Qh4 31. Kh2 Re5 32. f4 Re8 33. Kg1 Bc8 34. f5 Ne5 35. f6
g5 36. Qe3 Ba6 37. Rf2 Bxe2 38. Rxe2 Ng6 39. Rg4 Qh5 40. Rf2 d5 41. Qc5 dxe4 42.
a3 e3 43. axb4 exf2+ 44. Kxf2 axb4 45. Qxb4 Ne5 46. Re4 Qg6 47. Kg1 Qxf6 48. Qc5
Re6 49. Qe3 Qf5 50. Qe2 Kg7 51. Re3 Qf4 52. Re4 Qg3 53. Re3 Qf4 54. Re4 Qf5 55.
Re3 Qf6 56. Ne4 Qf4 57. Nc5 Nf3+ 58. Rxf3 Rxe2 0-1

[Event "World Blitz 2025"]
[Site "Doha QAT"]
[Date "2025.12.30"]
[Round "15.7"]
[White "Lu, Shanglei"]
[Black "Sadhwani, Raunak"]
[Result "1-0"]
[WhiteTitle "GM"]
[BlackTitle "GM"]
[WhiteElo "2643"]
[BlackElo "2638"]
[WhiteFideId "8603332"]
[BlackFideId "35093487"]
[EventDate "2025.12.29"]

1. e4 e5 2. Nf3 Nc6 3. d4 exd4 4. Nxd4 Nf6 5. Nxc6 bxc6 6. Qe2 Bc5 7. e5 Nd5 8.
c4 Nb6 9. Qg4 g6 10. Bg5 Be7 11. h4 d6 12. Qg3 O-O 13. Nc3 dxe5 14. Rd1 Qe8 15.
Bh6 Be6 16. Qxe5 1-0

[Event "World Blitz 2025"]
[Site "Doha QAT"]
[Date "2025.12.30"]
[Round "15.8"]
[White "Firouzja, Alireza"]
[Black "Jobava, Baadur"]
[Result "0-1"]
[WhiteTitle "GM"]
[BlackTitle "GM"]
[WhiteElo "2762"]
[BlackElo "2568"]
[WhiteFideId "12573981"]
[BlackFideId "13601520"]
[EventDate "2025.12.29"]

1. e4 d6 2. d4 Nf6 3. Nc3 e5 4. Nf3 Nbd7 5. Bc4 Be7 6. O-O O-O 7. h3 c6 8. a4 h6
9. Re1 Re8 10. a5 Bf8 11. Be3 Qc7 12. d5 a6 13. Nd2 c5 14. Bf1 b5 15. axb6 Nxb6
16. Ra3 Nfd7 17. Qa1 Nb8 18. Nc4 Nxc4 19. Bxc4 Be7 20. Qc1 Qd8 21. Na4 Nd7 22.
Bxh6 gxh6 23. Qxh6 Nf8 24. Nb6 Qxb6 25. Rg3+ Ng6 26. Rxg6+ fxg6 27. Qxg6+ Kf8
28. Re3 Bg5 29. Rf3+ Bf4 30. Qf6+ Kg8 31. g3 Ra7 32. Qg6+ Kf8 33. Rb3 Qd8 34.
Qh5 Rg7 35. Kh2 Qg5 36. Qf3 Kg8 37. Rb6 Rf8 38. Rxd6 Bxg3+ 39. Qxg3 Qxg3+ 40.
fxg3 Rf2+ 41. Kg1 Rxc2 0-1

[Event "World Blitz 2025"]
[Site "Doha QAT"]
[Date "2025.12.30"]
[Round "15.9"]
[White "Gukesh, D"]
[Black "Nepomniachtchi, Ian"]
[Result "1/2-1/2"]
[WhiteTitle "GM"]
[BlackTitle "GM"]
[WhiteElo "2754"]
[BlackElo "2723"]
[WhiteFideId "46616543"]
[BlackFideId "4168119"]
[EventDate "2025.12.29"]

1. e4 c5 2. Nf3 d6 3. d4 cxd4 4. Nxd4 Nf6 5. Nc3 a6 6. g3 e5 7. Nf3 Be7 8. a4
O-O 9. Bg2 Nc6 10. O-O Nb4 11. Qe2 h6 12. Rd1 Qc7 13. h3 Be6 14. Be3 d5 15. exd5
Nbxd5 16. Nxd5 Nxd5 17. c3 Rad8 18. Bd2 Bf6 19. a5 Rfe8 20. Nh2 e4 21. Nf1 Bd7
22. c4 Ne7 23. Bf4 Qc8 24. Kh2 Nc6 25. Ne3 Nd4 26. Qh5 Ne6 27. Nd5 Bxb2 28. Rab1
Nxf4 29. gxf4 Ba3 30. Rb3 Bf8 31. Rg3 Qc6 32. Qh4 Kh8 33. Nb6 Be7 34. Qh5 Be6
35. f5 Qc5 36. Qg4 Bf6 37. Rxd8 Rxd8 38. fxe6 Qxf2 39. e7 Re8 40. Nd7 Rxe7 41.
Nxf6 Qxf6 42. Bxe4 g6 43. Bg2 Kg7 44. Rf3 Qb2 45. Qf4 h5 46. h4 f5 47. Rd3 Kh7
48. Rd6 Qg7 49. Rb6 Qf7 50. c5 Rd7 51. Qf3 Qe7 52. Kh3 Qxc5 53. Rxb7 Rxb7 54.
Qxb7+ Kh6 55. Qxa6 Qe3+ 56. Kh2 Qf4+ 57. Kg1 Qd4+ 58. Kf1 Qf4+ 59. Ke2 Qxh4 60.
Qb6 Qc4+ 61. Kf2 Qc2+ 62. Kg1 Qc1+ 63. Bf1 Qg5+ 64. Kf2 Qf4+ 65. Ke1 Qc1+ 66.
Ke2 Qc4+ 67. Kf2 Qf4+ 68. Kg1 Qg3+ 69. Kh1 Qh4+ 70. Kg2 Qg4+ 71. Kh1 Qh4+ 72.
Kg1 Qg3+ 73. Bg2 Qe1+ 74. Kh2 Qh4+ 75. Bh3 Qf4+ 76. Kg2 Qd2+ 77. Kg1 Qc1+ 78.
Bf1 Qg5+ 79. Bg2 Qc1+ 80. Kh2 Qf4+ 81. Kh1 Qh4+ 82. Kg1 Qe1+ 83. Bf1 Qg3+ 84.
Kh1 Qh4+ 85. Kg2 Qg4+ 86. Kf2 Qf4+ 87. Kg1 Qg3+ 88. Bg2 Qe1+ 89. Kh2 Qh4+ 90.
Bh3 Qf4+ 91. Kh1 Qc1+ 92. Kg2 Qd2+ 93. Kf3 Qd1+ 94. Kf2 Qd2+ 95. Kf3 Qd1+ 96.
Kg2 Qd2+ 97. Kg1 Qc1+ 98. Kf2 Qd2+ 1/2-1/2

[Event "World Blitz 2025"]
[Site "Doha QAT"]
[Date "2025.12.30"]
[Round "15.10"]
[White "Amar, Elham"]
[Black "Duda, Jan-Krzysztof"]
[Result "0-1"]
[WhiteTitle "GM"]
[BlackTitle "GM"]
[WhiteElo "2592"]
[BlackElo "2729"]
[WhiteFideId "1533533"]
[BlackFideId "1170546"]
[EventDate "2025.12.29"]

1. e4 c6 2. d4 d5 3. Nd2 dxe4 4. Nxe4 Nd7 5. Nf3 Ngf6 6. Nc3 g6 7. Bf4 Qb6 8.
Rb1 Bg7 9. Bd3 O-O 10. O-O Nh5 11. Be3 Qc7 12. Re1 e5 13. h3 b6 14. dxe5 Nxe5
15. Nxe5 Bxe5 16. Bh6 Re8 17. Qf3 Bb7 18. Rbd1 Rad8 19. Bc4 Rxd1 20. Rxd1 b5 21.
Bb3 b4 22. Ne4 c5 23. Bd5 Bxd5 24. Rxd5 Bxb2 25. g4 Ng7 26. Nf6+ Bxf6 27. Qxf6
Ne6 28. Re5 Qe7 29. Bg5 Qxf6 30. Bxf6 h6 31. Rd5 g5 32. Rd7 a5 33. Ra7 Nf4 34.
Kf1 Nd5 35. Bb2 Nb6 36. Bc1 Nc4 37. h4 gxh4 38. Bxh6 h3 39. Kg1 Re2 40. Rc7 Ne5
41. Kf1 Rxc2 42. Bf4 Nxg4 43. Bg3 Rc1+ 44. Ke2 h2 0-1

[Event "World Blitz 2025"]
[Site "Doha QAT"]
[Date "2025.12.30"]
[Round "15.11"]
[White "Grischuk, Alexander"]
[Black "Sindarov, Javokhir"]
[Result "0-1"]
[WhiteTitle "GM"]
[BlackTitle "GM"]
[WhiteElo "2654"]
[BlackElo "2726"]
[WhiteFideId "4126025"]
[BlackFideId "14205483"]
[EventDate "2025.12.29"]

1. e4 e5 2. Nf3 Nc6 3. Bb5 a6 4. Ba4 d6 5. O-O Bd7 6. c3 g6 7. d4 Bg7 8. h3 Nf6
9. Bc2 O-O 10. Be3 Nh5 11. Nbd2 Qe8 12. Nc4 Kh8 13. Re1 f5 14. dxe5 f4 15. Bd4
dxe5 16. Bc5 Rf7 17. a4 Be6 18. Qe2 Rd7 19. b4 Qg8 20. Ncd2 b6 21. b5 Na5 22.
Bb4 Nc4 23. bxa6 Rxa6 24. Bd3 Nxd2 25. Bxa6 Nxf3+ 26. Qxf3 Nf6 27. Red1 g5 28.
Rxd7 Bxd7 29. Qd3 g4 30. Bc4 Qe8 31. hxg4 Bxg4 32. f3 Bd7 33. Rd1 Bxa4 34. Rd2
c5 35. Ba3 Bd7 36. Qd6 Qa8 37. Bb2 b5 38. Bd5 Qa7 39. c4 Ne8 40. Qxe5 Bxe5 41.
Bxe5+ Ng7 42. cxb5 c4+ 43. Bd4 Qa5 44. Rc2 Bxb5 45. Bxc4 Qe1+ 46. Kh2 Bxc4 47.
Rxc4 Qh4+ 48. Kg1 Qd8 49. Be5 Kg8 50. Rd4 Qb6 51. Kh2 Qh6+ 52. Kg1 Qb6 53. Kh2
Nh5 54. Rd5 Qh6 55. Kg1 Ng3 56. Kf2 Qh4 0-1

[Event "World Blitz 2025"]
[Site "Doha QAT"]
[Date "2025.12.30"]
[Round "15.12"]
[White "Aronian, Levon"]
[Black "Matlakov, Maxim"]
[Result "1/2-1/2"]
[WhiteTitle "GM"]
[BlackTitle "GM"]
[WhiteElo "2729"]
[BlackElo "2606"]
[WhiteFideId "13300474"]
[BlackFideId "4168003"]
[EventDate "2025.12.29"]

1. e4 c5 2. Nf3 e6 3. Be2 Nc6 4. O-O Nf6 5. Nc3 Be7 6. d4 cxd4 7. Nxd4 d6 8.
Nxc6 bxc6 9. Qd3 O-O 10. Qg3 Kh8 11. Rd1 Qc7 12. b3 e5 13. Ba3 Be6 14. Rd2 Rad8
15. Rad1 Rfe8 16. f4 Qa5 17. Bb2 exf4 18. Qxf4 Nd7 19. Nd5 cxd5 20. exd5 Bf6 21.
Bxf6 Nxf6 22. dxe6 Rxe6 23. Bf3 h6 24. c4 Rde8 25. h3 R8e7 26. Rxd6 Qxa2 27.
Rxe6 Rxe6 28. b4 Qc2 29. c5 a5 30. Qd4 axb4 31. Qxb4 Ne4 32. Re1 Qf2+ 33. Kh2
Qg3+ 34. Kg1 Qf2+ 35. Kh2 Qg3+ 36. Kg1 Nxc5 37. Rd1 Qc7 38. Qc3 Na6 1/2-1/2